Estadísticas para ¿Argentina o Chile?

Haz click aquí para intentar la prueba.

Estadísticas generales

  • Esta prueba ha sido intentada 2.018 veces
  • La puntuación promedio es 10 de 15

Estadísticas de respuestas

PreguntaRespuesta% Correcto
El país más poblado entre los dos.Argentina
97%
Este país ha experimentado más terremotos de nivel X, XI, o XII (desastroso) según la escala de Mercalli modificada.Chile
93%
¿Qué país tiene más islas?Chile
87%
Primer país en encontrarse y pisarse por los europeos.Argentina
83%
Sus divisiones territoriales superiores se llaman provincias.Argentina
66%
¿Qué país ganó territorio por el Tratado de 1881?Argentina
66%
Alberga el punto más alto del mundo fuera de los Himalayas.Argentina
64%
¿Qué país tiene reclamaciónes oficiales de Antártida según el Tratado Antártico?Ambos
63%
Es el país más austral de América continental.Chile
61%
Tiene territorio en Oceanía.Chile
57%
¿Qué país ha sido sede de la Copa Mundial de la FIFA masculina?Ambos
56%
¿Cuál de los países está clasificado entre los 10 del mundo con más producción de vino?Ambos
47%
Es un miembro fundador de la ONU.Ambos
44%
¿En qué país viven naturalmente los pingüinos de Humboldt, que están en peligro de extinción?Chile
42%
Papa Francisco ha hecho una visita pastoral aquí durante su pontificado papal.Chile
30%

Distribución de puntuación

Porcentaje por número respondido

Porcentaje de gente con cada puntuación

Historial de tus puntuaciones

No has intentado esta prueba.